00319nam a22001097a 4500020001800000040000900018082001500027100001900042245005000061260004800111650005000159 a9780471191018 cNust a512.1bFAN aJohn R. Fanchi aMath refresher for scientists and engineers  aNew York:bJohn Willey and sons Inc,c1997. aMath refresher for scientists and engineers